000 nam a22 7a 4500
999 _c342431
_d342431
003 NUST
005 20171227105453.0
008 171227b xxu||||| |||| 00| 0 eng d
040 _c0
082 _a297.122 DAR
245 _aAl Quran alqareem
260 _aLahore
_bDarussalam
_c2011.
300 _a628p.
500 _aH.B
942 _2ddc
_cBK
_kIESE